[Event "Geneve Bois Gentil op"]
[Site "Geneve"]
[Date "2019.03.01"]
[Round "7"]
[White "Vederhus, Alf"]
[Black "Zanet, Matteo"]
[Result "0-1"]
[WhiteElo "1497"]
[BlackElo "1531"]
[PlyCount "80"]
[EventDate "2019.01.11"]
[EventType "swiss"]
[EventRounds "7"]
[EventCountry "SUI"]
[SourceTitle "CBM 189 Extra"]
[Source "ChessBase"]
[SourceDate "2019.06.03"]
[SourceVersion "1"]
[SourceVersionDate "2019.06.03"]
[SourceQuality "1"]

1. e4 c5 2. c3 d5 3. exd5 Qxd5 4. d4 Nc6 5. Nf3 Nf6 6. Be2 e6 7. 0-0 Be7 8. Na3 0-0 9. Bc4 Qd7 10. Bf4 a6 11. Nc2 b5 12. Bd3 c4 13. Be2 Bb7 14. Ne5 Nxe5 15. Bxe5 Rfd8 16. Bf3 a5 17. a3 Bxf3 18. Qxf3 Qd5 19. Qxd5 Nxd5 20. Ne3 Rd7 21. Nxd5 exd5 22. Rfe1 Rda7 23. Rab1 b4 24. a4 f6 25. Bf4 Kf7 26. Kf1 Re8 27. Re2 Bd8 28. Rxe8 Kxe8 29. Bd6 b3 30. Re1+ Be7 31. f3 Kf7 32. Bf4 g5 33. Bg3 h5 34. h4 Ra6 35. hxg5 fxg5 36. Kf2 Re6 37. Rxe6 Kxe6 38. Bc7 Ba3 39. Bxa5 Bxb2 40. Bb4 Bc1 0-1